000 00987nam a22002777a 4500
005 20121206164526.0
008 121206t xxu||||| |||| 00| 0 eng d
010 _aENG-106352
020 _a9781259006401
_c395.00
020 _a1259006409
_c395.00
035 _aEN-89885
037 _bDBAD / PUB
040 _aDPL
_bENG
082 _a005.73
245 _aData structures using C /
_cby ISRD group
250 _a2nd ed
260 _aNew Delhi
_bTata McGraw-Hill
_c2013
270 _a7 West Patel Nagar
_bNew Delhi
_e110008
300 _axvi,429p.:
_bill.
_c24cm(pbk)
650 _aC (Computer program language)
_954121
650 _aData structures (Computer science)
_954122
650 _aprogramming language
_954123
710 _aInstructional Software Research and Development
_954371
942 _2ddc
_cEN
_h005.73
_mDAT
999 _c71913
_d71913